Ultimate BTS Songs Quiz (2026) - Statistics

General Stats
  • This quiz has been taken 869 times
    99 since last reset
  • The average score is 251 of 416
Answer Stats
Album/EP Song % Correct
Butter
97%
N.O.
97%
N.O
97%
ON
97%
Seven (feat. Latto)
97%
Dynamite
95%
Like
92%
No More Dream
92%
Run
92%
RUN
92%
Boy in Luv
90%
Boy In Luv
90%
Spring Day
90%
SWIM
90%
Trivia: Love
90%
Boy With Luv
87%
Burning Up (FIRE)
87%
Dope
87%
Friends
87%
FRI(END)S
87%
IDOL
87%
Love Yourself 'Her' Intro: Serendipity
87%
Just One Day
87%
MIC Drop
87%
Serendipity
87%
Who
87%
Golden 3D (feat. Jack Harlow)
85%
Blood Sweat & Tears
85%
Blood Sweat & Tears
85%
Blue
85%
Love Yourself 'Answer' Euphoria
85%
FAKE LOVE
85%
Lie
85%
Standing Next to You
85%
War of Hormone
85%
Airplane
82%
ARIRANG Body to Body
82%
DNA
82%
House Of Cards
82%
I NEED U
82%
I Need U
82%
Interlude: Wings
82%
Love Yourself 'Tear' Intro: Singularity
82%
Moon
82%
Outro: House of Cards
82%
Outro: Wings
82%
Rain
82%
Run BTS
82%
Singularity
82%
Tomorrow
82%
BTS Cypher Pt.1
79%
Danger
79%
` Hooligan
79%
MAP OF THE SOUL: 7 | MAP OF THE SOUL: PERSONA Intro: Persona
79%
Life
79%
Like Crazy
79%
Lost
79%
LOST!
79%
Permission to Dance
79%
Save Me
79%
seoul (prod. HONNE)
79%
Stay
79%
Stigma
79%
We Are Bulletproof Pt. 2
79%
Wild Flower (with youjeen)
79%
2.0
77%
21st Century Girl
77%
Agust D
77%
Airplane Pt.2
77%
Aliens
77%
Autumn Leaves
77%
Coffee
77%
Interlude
77%
? (Interlude)
77%
2 Cool 4 Skool Intro: 2 Cool 4 Skool
77%
BE Life Goes On
77%
Love Maze
77%
Please
77%
UGH!
77%
Attack on Bangtan
74%
Proof Born Singer
74%
Daechwita
74%
Epiphany
74%
Go Go
74%
Haegeum
74%
Her
74%
Interlude : Set me free
74%
Magic Shop
74%
MAMA
74%
Mikrokosmos
74%
My Time
74%
Outro: Ego
74%
Outro: Her
74%
Outro: Tear
74%
Tear
74%
Trivia: Seesaw
74%
00:00 (Zero O'Clock)
72%
Awake
72%
Butterfly
72%
Dionysus
72%
Embarrassed
72%
Epilogue: Young Forever
72%
Filter
72%
Louder than Bombs
72%
Silver Spoon
72%
So What
72%
they don't know 'bout us
72%
Trivia: Just Dance
72%
2! 3!
69%
Begin
69%
Black Swan
69%
Boyz with Fun
69%
BTS Cypher PT.3: KILLER
69%
Closer (with Paul Blanco, Mahalia)
69%
Converse High
69%
Crystal Snow
69%
Dimple
69%
Dis-ease
69%
For You
69%
HOME
69%
Ma City
69%
MONA LISA
69%
No. 29
69%
Not Today
69%
People
69%
Stay Gold
69%
Wake Up
69%
We are Bulletproof: the Eternal
69%
Whalien 52
69%
134340
67%
24 7=Heaven
67%
Anpanman
67%
Answer: Love Myself
67%
Best Of Me
67%
Blue & Grey
67%
BTS Cypher Pt.2: Triptych
67%
For Youth
67%
Hope World Hope World
67%
Into the Sun
67%
Wake Up (Standard Edition) Intro.
67%
Jack In The Box Intro
67%
Make It Right
67%
MORE
67%
Paradise
67%
Pied Piper
67%
Set Me Free Pt.2
67%
Spine Breaker
67%
The Truth Untold
67%
Yet To Come
67%
AMYGDALA
64%
Arson
64%
A Supplementary Story: You Never Walk Alone
64%
BTS Cypher 4
64%
Could You Turn off Your Cell Phone
64%
Singles/Other Songs Film out
64%
First Love
64%
FYA
64%
Hip Hop Phile
64%
Wings | You Never Walk Alone Intro: Boy Meets Evil
64%
Jamais Vu
64%
Jump
64%
Let Me Know
64%
HOPE ON THE STREET VOL.1 on the street (solo version)
64%
on the street (with J. Cole)
64%
Outro.
64%
Singles/Other Songs Still With You
64%
2nd Grade
62%
Fly To My Room
62%
Hate You
62%
Hold Me Tight
62%
I'm Fine
62%
O!RUL8,2? Intro: O!RUL8,2?
62%
Killin' It Girl (feat. GloRilla)
62%
Like Animals
62%
Merry Go Round
62%
Skool Luv Affair (Special Addition) Miss Right
62%
NORMAL
62%
One More Night
62%
Respect
62%
Telepathy
62%
Yes or No
62%
Singles/Other Songs Chicken Noodle Soup (feat. Becky G)
59%
D-Day D-Day
59%
Inner Child
59%
The Most Beautiful Moment in Life Pt.1 | The Most Beautiful Moment in Life: Young Forever Intro: The Most Beautiful Moment in Life
59%
No.2 (with parkjiyoon)
59%
Outro: Propose
59%
Paldogangsan
59%
Reflection
59%
Slow Dancing
59%
We On
59%
Echo Don't Say You Love Me
56%
Do You
56%
= (Equal Sign)
56%
If I Ruled the World
56%
Interlude: Shadow
56%
Let Go
56%
Look Here
56%
Moving On
56%
People Pt.2 (feat. IU)
56%
Still Life (with Anderson .Paak)
56%
Your eyes tell
56%
All Night
54%
Alone
54%
Am I Wrong
54%
Don't Leave Me
54%
BTS WORLD (Original Soundtrack) Heartbeat
54%
HUH?! (feat. j-hope)
54%
Youth Introduction: Youth
54%
Lights
54%
Closer to You (feat. Major Lazer)
51%
Daydream
51%
NEURON (with Gaeko & YOON MIRAE)
51%
Singles/Other Songs Promise
51%
Layover Rainy Days
51%
Shot Glass of Tears
51%
Somebody
51%
Sweet Dreams (feat. Miguel)
51%
Indigo Yun (with Erykah Badu)
51%
Singles/Other Songs Change
49%
Come back to me
49%
The Most Beautiful Moment in Life Pt.2 Intro: Never Mind
49%
Dark & Wild Intro: What Am I to You
49%
i wonder... (with Jung Kook of BTS)
49%
Love Me Again
49%
moonchild
49%
Outro: Luv in Skool
49%
SDL
49%
Take Two
49%
The Astronaut
49%
Winter Bear
49%
Be Mine
46%
FACE Face-off
46%
Love Is Not Over
46%
D-2 Moonlight
46%
Nuts
46%
Outro: Do You Think It Makes Sense?
46%
Outro: Love Is Not Over
46%
Pandora's Box
46%
Slow Dance (feat. Sofia Carson)
46%
Snooze (feat. Ryuichi Sakamoto, WOOSUNG of The Rose)
46%
Super Tuna
46%
mono. tokyo
46%
Wishing On A Star
46%
A Brand New Day
44%
Blue Side
44%
Burn It
44%
Dreamers
44%
Dream Glow
44%
Groin
44%
HANGSANG
44%
i don't know (with HUH YUNJIN of LE SSERAFIM)
44%
I'll Be There
44%
So Far Away
44%
Tony Montana
44%
Too Sad To Dance
44%
Where You From
44%
Bicycle
41%
Heaven
41%
Interlude: What Are You Doing Now
41%
line!Pt.2 - Ano Bashode
41%
lock / unlock (with benny blanco & Nile Rodgers)
41%
Loser (feat. YENA)
41%
Polar Night
41%
Smeraldo Garden Marching Band (feat. Loco)
41%
Stay Alive (Prod. SUGA of BTS)
41%
STOP
41%
The Stars
41%
Abyss
38%
Change pt.2
38%
Christmas Tree
38%
For Us
38%
Future
38%
Hectic (with Colde)
38%
Lonely
38%
Outro: Circle Room Cypher
38%
Please Don't Change (feat. DJ Snake)
38%
Right Place, Wrong Person Right People, Wrong Place
38%
Happy Running Wild
38%
The Planet
38%
What if...
38%
what if... (dance mix)
38%
All Day (with Tablo)
36%
Background
36%
Closer Than This
36%
everythingoes
36%
OUTRO: The Journey
36%
P.O.P (Piece of Peace) Pt. 1
36%
Rope It
36%
28
33%
Domodachi (feat. Little Simz)
33%
forever rain
33%
Heart on the Window (with WENDY)
33%
My You
33%
Never Let Go
33%
Strange
33%
The Last
33%
Base Line
31%
ㅠㅠ (Credit Roll)
31%
Dear my friend (feat. Kim Jong Wan of NELL)
31%
OUTRO: Crack
31%
Safety Zone
31%
Winter Ahead (with PARK HYO SHIN)
31%
Around the world in a day (feat. Moses Sumney)
28%
badbye
28%
Give It to Me
28%
Good Day
28%
MAP OF THE SOUL: 7 ~ The Journey ~ INTRO: Calling
28%
FACE YOURSELF INTRO: Ringwanderung
28%
out of love
28%
MUSE Rebirth (Intro)
28%
Sweet Night
28%
Snow Flower (feat. Peakboy)
26%
uhgood
26%
What do you think?
26%
With You
26%
140503 at Dawn
23%
Christmas Love
23%
Falling
23%
Forg_tful (with Kim Sawol)
23%
Interlude : Dive
23%
Intro: Skool Luv Affair
23%
Joke
23%
Tonight
23%
Yours
23%
Another Level
21%
Close To You
21%
Honsool
21%
Monster
21%
Nothing Without Your Love
21%
Rush
21%
Scenery
21%
To Me, Today
21%
724148
18%
Interlude : Dawn
18%
Singles/Other Songs It's Definitely You
18%
I will come to you
18%
Music Box: Reflection
18%
With the Clouds
18%
Interlude_dream, Reality
15%
Interlude : Showtime
15%
Agust D Intro : DT sugA (Feat. DJ Friz)
15%
Adrift
10%
God Rap
10%
I Believe
10%
Throw Away
10%
Awakening
8%
RM Voice
8%
No matching quizzes found
Score Distribution
Percent of People with Each Score
Percentile by Number Answered
Your Score History
You have not taken this quiz since the last reset